| 000 | 00482nam a2200157 a 4500 | ||
|---|---|---|---|
| 005 | 20140310183203.0 | ||
| 008 | 030204s19uu xx 00 eng d | ||
| 050 |
_aDS 686.6.R5 _b.P372 1988 |
||
| 100 | _aPedrosa, Carmen Navarro | ||
| 245 |
_aThe Untold story of Imelda Marcos / _cCarmen Navarro Pedrosa. |
||
| 260 |
_aRizal : _bTandem Pub. Co., _c1988. |
||
| 300 |
_axx, 231 p. : _bill. : _c18 cm. |
||
| 650 |
_aMarcos, Imelda _xBiography |
||
| 942 |
_cBK _2lcc _kFLIR |
||
| 999 |
_c19915 _d19915 |
||